| 000 | 01042nam a2200217 a 4500 | ||
|---|---|---|---|
| 001 | 56903 | ||
| 005 | 20180714052900.0 | ||
| 008 | 140415s2010 mx 000 0 spa d | ||
| 020 | _a9786070302503 | ||
| 041 | _aspa | ||
| 082 |
_a972.061 _bGAL |
||
| 245 | 0 | 0 | _aIMPACTO DE LA REVOLUCION MEXICANA |
| 250 | _a1a ed. | ||
| 260 |
_aMEXICO : _bSENADO DE LA REPUBLICA, _c2010 |
||
| 300 |
_a378 _c14 x 1.5 x 20.9 |
||
| 490 | _aBIBLIOTECA MEXICANA | ||
| 500 | _aGALEANA, PATRICIA; ES COORDINADORA DEL TEXTO | ||
| 520 | _aLA COMISION ESPECIAL ENCARGADA DE LOS FESTEJOS DEL BICENTENARIO DE LA INDEPENDENCIA Y DEL CENTENARIO DE LA REVOLUCION DEL SENADO DE LA REPUBLICA PRESENTA AL PUBLICO LECTOR UNA OBRA DESTINADA A SERVIR DE REFERENTE A QUIEN SE INTERESE EN CONOCER EL PROCESO DE LA PRIMAVERA REVOLUCION SOCIAL DEL SIGLO XX | ||
| 650 | 1 | 4 |
_aMEXICO _xHISTORIA _xREVOLUCION, 1910 _x1917 _xMEXICO _xHISTORIA _xREVOLUCION _xAMERICA LATINA _xMEXICO _xHISTORIA _xREVOLUCION _xASPECTOS SOCIALES |
| 700 | 1 |
_aGaleana de Valadés, Patricia _ecoaut. |
|
| 999 |
_c56903 _d56903 |
||